Hard flags - Statistics

General Stats
  • This quiz has been taken 142 times
  • The average score is 67 of 86
Answer Stats
Picture Answer % Correct
Niger
91%
Palau
89%
Tonga
89%
Madagascar
88%
Turkmenistan
88%
Uzbekistan
88%
Barbados
87%
Myanmar
87%
Jordan
86%
Kazakhstan
86%
Libya
86%
Mauritania
86%
Oman
86%
Papua New Guinea
86%
Syria
86%
Yemen
86%
Eswatini
85%
Kuwait
85%
Maldives
85%
Cuba
83%
seychelles
83%
Somalia
83%
Angola
82%
Brunei
82%
Cambodia
82%
Kiribati
82%
Mozambique
81%
Liechtenstein
80%
Malawi
80%
South Sudan
80%
Uganda
80%
Botswana
79%
Ethiopia
79%
Haiti
79%
Laos
79%
Mongolia
79%
Taiwan
79%
Tajikistan
79%
Bahamas
78%
Ghana
78%
Liberia
78%
Moldova
78%
Nicaragua
78%
Sudan
78%
Zimbabwe
78%
Andorra
77%
Dominica
77%
Eritrea
77%
F.S. of Micronesia
77%
Guyana
77%
Kyrgyzstan
77%
Marshall Islands
77%
Rwanda
77%
Tanzania
77%
Trinidad & Tobago
77%
Montenegro
76%
Samoa
76%
East Timor
75%
El Salvador
75%
Nauru
75%
Lesotho
74%
Vanuatu
74%
Belize
73%
Burundi
73%
Djibouti
73%
Grenada
73%
Mali
73%
Mauritius
73%
Namibia
73%
Cape Verde
72%
Suriname
72%
Zambia
72%
St. Lucia
71%
St. Kitts & Nevis
70%
Benin
69%
Togo
69%
Tuvalu
69%
Equatorial Guinea
68%
Rep. of the Congo
68%
Sao Tome & Principe
68%
Central African Republic
67%
St. Vincent and the Grenadines
67%
Bolivia
63%
Guinea-Bissau
63%
Solomon Islands
63%
Gambia
58%
No matching quizzes found
Score Distribution
Percent of People with Each Score
Percentile by Number Answered
Your Score History
You have not taken this quiz